[Event "HUN-chT 2324"]
[Site "Hungary"]
[Date "2023.12.10"]
[Round "3.10"]
[White "Gara, Anita"]
[Black "Toth, Barnabas"]
[Result "1-0"]
[WhiteElo "2347"]
[BlackElo "1894"]
[PlyCount "59"]
[EventDate "2023.10.28"]
[EventType "team-tourn"]
[EventRounds "9"]
[EventCountry "HUN"]
[SourceTitle "CB16_2024"]
[SourceDate "2024.04.17"]
[SourceVersion "1"]
[SourceVersionDate "2024.04.17"]
[SourceQuality "1"]
[WhiteTeam "Tungsram ANSK"]
[BlackTeam "Tapolca Varos"]
[WhiteTeamCountry "HUN"]
[BlackTeamCountry "HUN"]

1. e4 c5 2. c3 d5 3. exd5 Qxd5 4. d4 g6 5. Nf3 Bg7 6. Na3 cxd4 7. Bc4 Qe4+ 8. Be3 Nh6 9. cxd4 0-0 10. 0-0 Bg4 11. Ng5 Qxe3 12. fxe3 Bxd1 13. Raxd1 Nf5 14. Rf3 Nc6 15. Nxf7 Bf6 16. Ng5+ Kh8 17. Ne6 Rfc8 18. g4 Nd6 19. Bb3 a5 20. g5 Bg7 21. Nf4 Bf8 22. Be6 Rd8 23. Rh3 Kg7 24. Bd5 Rdc8 25. Nc4 Nxc4 26. Bxc4 Nb4 27. Be6 Rc2 28. Rf1 Ra6 29. Bb3 Rcc6 30. Rhf3 1-0

[Event "HUN-chT 2223"]
[Site "Hungary"]
[Date "2023.04.23"]
[Round "9.7"]
[White "Gara, Anita"]
[Black "Kormos, Andras"]
[Result "1-0"]
[WhiteElo "2353"]
[BlackElo "2122"]
[PlyCount "83"]
[EventDate "2022.11.20"]
[EventType "team-tourn"]
[EventRounds "9"]
[EventCountry "HUN"]
[SourceTitle "EXT 2024"]
[Source "ChessBase"]
[SourceDate "2023.10.10"]
[SourceVersion "1"]
[SourceVersionDate "2023.10.10"]
[SourceQuality "1"]
[WhiteTeam "Budapest MTK"]
[BlackTeam "Hetenyi Geza"]
[WhiteTeamCountry "HUN"]
[BlackTeamCountry "HUN"]

1. e4 g6 2. d4 Bg7 3. Nf3 d6 4. c3 Nc6 5. Bd3 e5 6. d5 Nce7 7. c4 f5 8. Nc3 Nf6 9. 0-0 0-0 10. exf5 gxf5 11. Ng5 c6 12. f4 Qb6+ 13. Kh1 Ng4 14. Qe2 e4 15. Bc2 cxd5 16. cxd5 Rf6 17. a4 Rh6 18. h3 a6 19. a5 Qc7 20. Bd2 b5 21. axb6 Qxb6 22. Na4 Qa7 23. Ra3 Bd4 24. Rg3 a5 25. Nxe4 fxe4 26. f5 Nxf5 27. Rxf5 Bxf5 28. Bxh6 Be5 29. Rxg4+ Bxg4 30. Qxg4+ Kh8 31. Qxe4 Qf7 32. Qf5 Qxf5 33. Bxf5 Rb8 34. Bd2 Rb5 35. Be4 h5 36. Kg1 Bd4+ 37. Kf1 Kg7 38. Ke1 Kf6 39. Kd1 h4 40. Kc2 Ke5 41. Bf3 Kf5 42. Kd3 1-0

[Event "HUN-chT 2223"]
[Site "Hungary"]
[Date "2023.02.19"]
[Round "6.6"]
[White "Gara, Anita"]
[Black "Szabo, Bence"]
[Result "1/2-1/2"]
[WhiteElo "2353"]
[BlackElo "2370"]
[PlyCount "139"]
[EventDate "2022.11.20"]
[EventType "team-tourn"]
[EventRounds "9"]
[EventCountry "HUN"]
[SourceTitle "CBM 213 Extra"]
[Source "ChessBase"]
[SourceDate "2023.05.31"]
[SourceVersion "1"]
[SourceVersionDate "2023.05.31"]
[SourceQuality "1"]
[WhiteTeam "Budapest MTK"]
[BlackTeam "Kobanya Aquarena"]
[WhiteTeamCountry "HUN"]
[BlackTeamCountry "HUN"]

1. e4 e6 2. d4 d5 3. e5 b6 4. c3 Qd7 5. f4 Ne7 6. Nf3 c5 7. Na3 Ba6 8. Bxa6 Nxa6 9. Qe2 Nb8 10. Nc2 Nbc6 11. 0-0 Rc8 12. Be3 Nf5 13. Bf2 h5 14. h3 cxd4 15. cxd4 Nb4 16. Nxb4 Bxb4 17. g4 Nh6 18. Nh4 Be7 19. Ng2 Kd8 20. Rac1 Rc7 21. Ne3 Kc8 22. f5 Rxc1 23. Rxc1+ Kb7 24. Qc2 hxg4 25. hxg4 Rc8 26. Qxc8+ Qxc8 27. Rxc8 Kxc8 28. Kg2 Bg5 29. Kf3 Kd7 30. fxe6+ fxe6 31. Ng2 Nf7 32. Be3 Bxe3 33. Kxe3 g5 34. Kd3 Kc6 35. Kc3 a6 36. a4 a5 37. b4 b5 38. bxa5 bxa4 39. Kb4 a3 40. Kxa3 Kb5 41. a6 Kxa6 42. Kb4 Kb6 43. Ne1 Nh6 44. Nf3 Nf7 45. Ka4 Ka6 46. Ne1 Nd8 47. Nd3 Nb7 48. Kb4 Kb6 49. Nb2 Kc6 50. Na4 Kd7 51. Kb5 Nd8 52. Kb6 Nf7 53. Nc5+ Ke7 54. Nd3 Nh6 55. Nf2 Kd7 56. Kb7 Nf7 57. Nd1 Nd8+ 58. Kb6 Nc6 59. Kc5 Na5 60. Kb4 Nc6+ 61. Kc3 Nd8 62. Ne3 Nf7 63. Nf1 Nh6 64. Nh2 Nf7 65. Kb4 Nh6 66. Kc5 Nf7 67. Kb6 Nh6 68. Kc5 Nf7 69. Nf3 Nh6 70. Nxg5 1/2-1/2

[Event "ROM-chT (Women)"]
[Site "Oradea"]
[Date "2022.09.25"]
[Round "3.2"]
[White "Gara, Anita"]
[Black "Rapport, Jovana"]
[Result "1/2-1/2"]
[WhiteElo "2360"]
[BlackElo "2294"]
[PlyCount "73"]
[EventDate "2022.09.23"]
[EventType "team-tourn"]
[EventRounds "7"]
[EventCountry "ROU"]
[SourceTitle "CBM 210 Extra"]
[Source "ChessBase"]
[SourceDate "2022.11.30"]
[SourceVersion "1"]
[SourceVersionDate "2022.11.30"]
[SourceQuality "1"]

1. e4 e6 2. d4 d5 3. Nd2 c5 4. exd5 exd5 5. Ngf3 Nc6 6. Bb5 cxd4 7. Qe2+ Qe7 8. Nxd4 Qxe2+ 9. Kxe2 Bd7 10. Nxc6 bxc6 11. Bd3 Bd6 12. Re1 Ne7 13. Kf1 0-0 14. Nf3 c5 15. c4 d4 16. Ng5 Ng6 17. Ne4 Be7 18. Ng3 f5 19. b3 Bd6 20. Bd2 h6 21. Rad1 Nh4 22. Bc2 g5 23. b4 cxb4 24. Bc1 Bc6 25. f3 Rae8 26. Rxe8 Rxe8 27. Rxd4 Bc5 28. Rd1 Rf8 29. Re1 f4 30. Ne4 Bd4 31. Rd1 Be5 32. a3 bxa3 33. Bxa3 Re8 34. Bc5 a5 35. Bd6 Nf5 36. Nf6+ Bxf6 37. Bxf5 1/2-1/2

[Event "ROM-chT (Women)"]
[Site "Oradea"]
[Date "2022.09.24"]
[Round "2.10"]
[White "Navrotescu, Andreea Cristiana"]
[Black "Gara, Anita"]
[Result "1/2-1/2"]
[WhiteElo "2313"]
[BlackElo "2360"]
[PlyCount "62"]
[EventDate "2022.09.23"]
[EventType "team-tourn"]
[EventRounds "7"]
[EventCountry "ROU"]
[SourceTitle "CBM 210 Extra"]
[Source "ChessBase"]
[SourceDate "2022.11.30"]
[SourceVersion "1"]
[SourceVersionDate "2022.11.30"]
[SourceQuality "1"]

1. d4 Nf6 2. c4 g6 3. Nc3 Bg7 4. e4 d6 5. Nf3 0-0 6. Be2 Nbd7 7. Be3 e5 8. 0-0 Qe7 9. Qc2 c6 10. dxe5 dxe5 11. Rad1 h6 12. Nd2 Nc5 13. f3 Nh5 14. Rfe1 Ne6 15. Nb3 Nhf4 16. Bf1 Bd7 17. Rd2 b6 18. g3 Nh5 19. Red1 Rad8 20. a4 f5 21. Bf2 Ng5 22. Bg2 fxe4 23. Nxe4 Nh3+ 24. Bxh3 Bxh3 25. Rxd8 Rxd8 26. Rxd8+ Qxd8 27. Qd2 Qf8 28. Qc3 Nf6 29. Nbd2 Nxe4 30. Nxe4 Qd8 31. Qd2 Qxd2 1/2-1/2

[Event "HUN-ch (Women) 69th"]
[Site "Budapest"]
[Date "2021.12.17"]
[Round "7"]
[White "Havanecz, Bianka"]
[Black "Gara, Anita"]
[Result "1/2-1/2"]
[WhiteElo "2229"]
[BlackElo "2359"]
[PlyCount "119"]
[EventDate "2021.12.07"]
[EventType "tourn"]
[EventRounds "7"]
[EventCountry "HUN"]
[EventCategory "2"]
[SourceTitle "CBM 205 Extra"]
[Source "ChessBase"]
[SourceDate "2022.01.31"]
[SourceVersion "1"]
[SourceVersionDate "2022.01.31"]
[SourceQuality "1"]

1. d4 d6 2. c4 f5 3. Nc3 Nf6 4. Nf3 g6 5. g3 Bg7 6. Bg2 0-0 7. 0-0 c6 8. Re1 Na6 9. a3 Nc7 10. e4 fxe4 11. Nxe4 Nxe4 12. Rxe4 Bf5 13. Re1 Qd7 14. Qb3 Rae8 15. Be3 Be4 16. Ng5 Bxg2 17. Kxg2 h6 18. Nf3 Kh7 19. Rad1 b5 20. cxb5 Qf5 21. Nh4 Qxb5 22. Qc2 Rf6 23. Rc1 Nd5 24. Qxc6 Qxc6 25. Rxc6 Ref8 26. Kg1 Nxe3 27. fxe3 Rf2 28. Ng2 g5 29. Rc7 Rxb2 30. Rf1 Bf6 31. Rxa7 Kg6 32. Rc7 Ra2 33. Rfc1 Rb8 34. R7c2 Rxa3 35. g4 Rab3 36. Rf1 h5 37. gxh5+ Kxh5 38. Rcf2 Kg6 39. Rf3 Rb1 40. h3 Rxf1+ 41. Kxf1 Rb2 42. Rf2 Rb1+ 43. Ke2 Rb3 44. Ne1 Ra3 45. Nf3 Ra2+ 46. Kf1 Ra1+ 47. Ke2 d5 48. Ne1 Rb1 49. Ng2 Rh1 50. Rf3 Kh5 51. Kf2 Kg6 52. Kg3 e6 53. Kg4 Be7 54. Rf2 Bd6 55. h4 gxh4 56. Nxh4+ Kg7 57. Ng2 Rh2 58. Kf3 Kf6 59. e4 dxe4+ 60. Kxe4+ 1/2-1/2

[Event "EU-Cup Online Gr-C (Women)"]
[Site "Tornelo INT"]
[Date "2020.12.20"]
[Round "6.3"]
[White "Broly, Mathilde"]
[Black "Gara, Anita"]
[Result "0-1"]
[WhiteElo "2150"]
[BlackElo "2350"]
[PlyCount "104"]
[EventDate "2020.12.19"]
[EventType "team-tourn (rapid)"]
[EventRounds "7"]
[EventCountry "ISS"]
[SourceTitle "CBM 199 Extra"]
[Source "ChessBase"]
[SourceDate "2021.01.31"]
[SourceVersion "1"]
[SourceVersionDate "2021.01.31"]
[SourceQuality "1"]
[WhiteTeam "Asnieres (W)"]
[BlackTeam "Hello Sakk (W)"]
[WhiteTeamCountry "FRA"]
[BlackTeamCountry "HUN"]

1. c4 Nf6 2. g3 g6 3. Bg2 Bg7 4. Nc3 d6 5. Rb1 e5 6. d3 0-0 7. Bg5 h6 8. Bd2 a5 9. a3 Nc6 10. b4 axb4 11. axb4 Rb8 12. Nf3 Be6 13. 0-0 e4 14. Ne1 exd3 15. exd3 Nd4 16. Be3 Ng4 17. Qd2 Nxe3 18. fxe3 Nf5 19. Nc2 Re8 20. Nd5 c6 21. Nf4 Bd7 22. d4 Qe7 23. e4 Qf6 24. exf5 Bxf5 25. Rbd1 Ra8 26. Nd3 Qd8 27. Nc1 Qb6 28. Ne3 Be4 29. Bxe4 Rxe4 30. Nc2 h5 31. Qf2 f5 32. Rfe1 Rae8 33. Na2 Rxe1+ 34. Nxe1 Qa6 35. Qc2 Qa3 36. Ng2 Re4 37. b5 Bxd4+ 38. Kh1 Qf3 39. Nc1 h4 40. Qd3 Qg4 41. bxc6 bxc6 42. Rf1 h3 43. Nh4 Re3 44. Qc2 Bc5 45. Nb3 Re2 46. Qd1 Qe4+ 47. Nf3 Bb4 48. Nc1 Rb2 49. Nd3 Rd2 50. Qb1 Qxd3 51. Nxd2 Qxd2 52. Rg1 Qe2 0-1

[Event "Online Olym KO Stage"]
[Site "Chess.com INT"]
[Date "2020.08.28"]
[Round "2.4"]
[White "Gara, Anita"]
[Black "Kosteniuk, Alexandra"]
[Result "0-1"]
[WhiteElo "2345"]
[BlackElo "2471"]
[PlyCount "60"]
[EventDate "2020.08.27"]
[EventType "team-k.o. (rapid)"]
[EventRounds "4"]
[EventCountry "USA"]
[SourceTitle "CBM 198"]
[Source "ChessBase"]
[SourceDate "2020.10.31"]
[SourceVersion "1"]
[SourceVersionDate "2020.10.31"]
[SourceQuality "1"]
[WhiteTeam "Hungary"]
[BlackTeam "Russia"]
[WhiteTeamCountry "HUN"]
[BlackTeamCountry "RUS"]

1. e4 e5 2. Nf3 Nf6 3. Nc3 Nc6 4. d4 exd4 5. Nxd4 Bb4 6. Nxc6 bxc6 7. Bd3 0-0 8. 0-0 d5 9. exd5 cxd5 10. h3 Rb8 11. Qf3 Rb6 12. Bg5 Bb7 13. Rad1 h6 14. Bh4 Re8 15. Na4 Rbe6 16. c3 Bd6 17. b4 Qa8 18. Bxf6 Rxf6 19. Qg4 Rf4 20. Qg3 Rxb4 21. f4 Rxa4 22. Bb5 Rxa2 23. Bxe8 Qxe8 24. Rde1 Qa4 25. Qe3 Rxg2+ 26. Kh1 d4 27. Qe8+ Qxe8 28. Rxe8+ Kh7 29. Rb8 Bc6 30. Rc8 dxc3 0-1

[Event "Online Olym Div Top-B"]
[Site "Chess.com INT"]
[Date "2020.08.22"]
[Round "6.4"]
[White "Cibickova, Zuzana"]
[Black "Gara, Anita"]
[Result "1/2-1/2"]
[WhiteElo "2256"]
[BlackElo "2340"]
[PlyCount "131"]
[EventDate "2020.08.21"]
[EventType "team-tourn (rapid)"]
[EventRounds "9"]
[EventCountry "USA"]
[SourceTitle "CBM 198"]
[Source "ChessBase"]
[SourceDate "2020.10.31"]
[SourceVersion "1"]
[SourceVersionDate "2020.10.31"]
[SourceQuality "1"]
[WhiteTeam "Slovakia"]
[BlackTeam "Hungary"]
[WhiteTeamCountry "SVK"]
[BlackTeamCountry "HUN"]

1. e4 c5 2. Nf3 Nc6 3. d4 cxd4 4. Nxd4 Nf6 5. Nc3 d6 6. Bg5 e6 7. Qd2 a6 8. 0-0-0 Bd7 9. f4 Be7 10. Nf3 b5 11. e5 b4 12. exf6 bxc3 13. Qxc3 gxf6 14. Bh4 d5 15. a3 0-0 16. Bd3 Kg7 17. Kb1 Qb8 18. Rhf1 Rc8 19. Qe1 Qxf4 20. Ng5 Qe5 21. Nxh7 Qxe1 22. Rdxe1 f5 23. Bxe7 Nxe7 24. Ng5 Bb5 25. Bxb5 axb5 26. h3 Ra4 27. c3 d4 28. cxd4 Nd5 29. Nf3 b4 30. axb4 Rxb4 31. Rc1 Nc3+ 32. Kc2 Ne2+ 33. Kb1 Rxc1+ 34. Rxc1 Nxc1 35. Kxc1 Kf6 36. Kc2 Rb8 37. Kc3 Rg8 38. Ne1 Rg3+ 39. Kc4 Ke7 40. b4 Kd6 41. b5 f6 42. Kb4 e5 43. dxe5+ fxe5 44. Kc4 e4 45. Kd4 Rb3 46. h4 Rxb5 47. h5 Rb1 48. Nc2 Rh1 49. Ne3 Rxh5 50. g4 fxg4 51. Nxg4 Rh4 52. Ne3 Ke6 53. Ng2 Rg4 54. Ne3 Rf4 55. Nd5 Kf5 56. Ne7+ Kg4 57. Ke3 Rf7 58. Nc6 Rc7 59. Nd4 Re7 60. Nc6 Re8 61. Nd4 Kg5 62. Nb5 Kf5 63. Nd6+ Ke5 64. Nxe8 Kd5 65. Nf6+ Ke5 66. Nxe4 1/2-1/2

[Event "HUN-GER (Women) online"]
[Site "Chess.com INT"]
[Date "2020.04.21"]
[Round "1"]
[White "Gara, Anita"]
[Black "Hoolt, Sarah"]
[Result "1-0"]
[WhiteElo "2345"]
[BlackElo "2334"]
[PlyCount "139"]
[EventDate "2020.04.21"]
[EventType "schev (rapid)"]
[EventRounds "4"]
[EventCountry "GER"]
[SourceTitle "CBM 195 Extra"]
[Source "ChessBase"]
[SourceDate "2020.05.31"]
[SourceVersion "1"]
[SourceVersionDate "2020.05.31"]
[SourceQuality "1"]
[WhiteTeam "Hungary (W)"]
[BlackTeam "Germany (W)"]
[WhiteTeamCountry "HUN"]
[BlackTeamCountry "GER"]

1. e4 c5 2. Nf3 Nc6 3. Bb5 e6 4. 0-0 Nge7 5. d4 cxd4 6. Nxd4 a6 7. Be2 Nxd4 8. Qxd4 Nc6 9. Qc3 b5 10. Bf4 b4 11. Qg3 h5 12. h4 Be7 13. Qxg7 Bf6 14. Qg3 Bxh4 15. Qd3 Bf6 16. Nd2 Ne5 17. Bxe5 Bxe5 18. Nc4 Bf4 19. Bf3 Bb7 20. Rfd1 d5 21. exd5 Bxd5 22. Bxd5 Qxd5 23. Qxd5 exd5 24. Rxd5 Rc8 25. Re1+ Kf8 26. Re4 Bc1 27. Rd7 Kg7 28. Nd6 Rcf8 29. Rxb4 Rd8 30. Rbb7 Rxd7 31. Rxd7 Bxb2 32. Rxf7+ Kg6 33. Ra7 Rd8 34. Rxa6 Kg5 35. g3 Bd4 36. Kg2 Rf8 37. Ne4+ Kf5 38. f3 Rb8 39. Ra5+ Kg6 40. Rd5 Ba7 41. Rg5+ Kh6 42. Ra5 Bd4 43. Ra6+ Kg7 44. Kh3 Rb2 45. c4 Rc2 46. c5 Kf8 47. c6 Ke7 48. Kh4 Kd8 49. Kxh5 Kc7 50. g4 Rc1 51. g5 Rf1 52. Kg4 Be5 53. g6 Rg1+ 54. Kf5 Bd4 55. Nf6 Bxf6 56. Kxf6 Rf1 57. g7 Rxf3+ 58. Ke7 Re3+ 59. Kf6 Rf3+ 60. Kg6 Rg3+ 61. Kh7 Rh3+ 62. Kg8 Rg3 63. Ra5 Kxc6 64. Rf5 Ra3 65. Kf7 Ra7+ 66. Kg6 Ra8 67. Rf8 Rxa2 68. g8Q Rg2+ 69. Kf7 Rxg8 70. Rxg8 1-0

[Event "HUN-GER (Women) online"]
[Site "Chess.com INT"]
[Date "2020.04.21"]
[Round "4"]
[White "Lubbe, Melanie"]
[Black "Gara, Anita"]
[Result "1-0"]
[WhiteElo "2287"]
[BlackElo "2345"]
[PlyCount "127"]
[EventDate "2020.04.21"]
[EventType "schev (rapid)"]
[EventRounds "4"]
[EventCountry "GER"]
[SourceTitle "CBM 195 Extra"]
[Source "ChessBase"]
[SourceDate "2020.05.31"]
[SourceVersion "1"]
[SourceVersionDate "2020.05.31"]
[SourceQuality "1"]
[WhiteTeam "Germany (W)"]
[BlackTeam "Hungary (W)"]
[WhiteTeamCountry "GER"]
[BlackTeamCountry "HUN"]

1. e4 c5 2. Nf3 d6 3. d4 Nf6 4. Nc3 cxd4 5. Nxd4 g6 6. Be2 Bg7 7. 0-0 0-0 8. Bg5 Nc6 9. Nb3 Be6 10. Kh1 Na5 11. f4 Nc4 12. f5 Nxb2 13. Qc1 Bc4 14. Qxb2 Bxe2 15. Nxe2 Nxe4 16. f6 Nxf6 17. c3 Rc8 18. Qc2 Qc7 19. Rad1 h6 20. Bh4 b6 21. Nbd4 Qc4 22. Qd3 Nd5 23. Nf3 e6 24. Bg3 Rfd8 25. Nfd4 Nxc3 26. Nxc3 Qxc3 27. Qxc3 Rxc3 28. Nb5 Rc2 29. Nxd6 Rxa2 30. Rxf7 Rxd6 31. Rxg7+ Kxg7 32. Bxd6 Re2 33. Kg1 e5 34. Kf1 Re4 35. Kf2 Kf6 36. Bb8 Ra4 37. Rd3 b5 38. Rd5 b4 39. Rxe5 Ra2+ 40. Kf3 a5 41. Rb5 Ra3+ 42. Ke4 b3 43. Be5+ Kf7 44. Bb2 Ra4+ 45. Ke5 Rg4 46. Rb7+ Ke8 47. Ke6 Re4+ 48. Be5 Rb4 49. Rxb4 axb4 50. Kf6 g5 51. Kg6 Ke7 52. Kxh6 g4 53. Kg5 Ke6 54. Bb2 Kd5 55. Kxg4 Kc4 56. h4 Kd3 57. h5 Kc2 58. Bf6 b2 59. Bxb2 Kxb2 60. h6 b3 61. h7 Kb1 62. h8Q b2 63. Qh1+ Ka2 64. Kf5 1-0

[Event "HUN-chT 1920"]
[Site "Hungary"]
[Date "2020.03.08"]
[Round "7.8"]
[White "Gara, Anita"]
[Black "Kiss, Attila"]
[Result "1-0"]
[WhiteElo "2366"]
[BlackElo "2335"]
[PlyCount "117"]
[EventDate "2019.11.16"]
[EventType "team-tourn"]
[EventRounds "9"]
[EventCountry "HUN"]
[SourceTitle "CBM 195 Extra"]
[Source "ChessBase"]
[SourceDate "2020.05.31"]
[SourceVersion "1"]
[SourceVersionDate "2020.05.31"]
[SourceQuality "1"]
[WhiteTeam "Morihana"]
[BlackTeam "HVSE Infraplan"]
[WhiteTeamCountry "HUN"]
[BlackTeamCountry "HUN"]

1. e4 d5 2. exd5 Nf6 3. d4 Nxd5 4. Nf3 g6 5. c4 Nb6 6. c5 Nd5 7. Bc4 Bg7 8. Qb3 c6 9. Nc3 0-0 10. 0-0 Nxc3 11. bxc3 b5 12. cxb6 axb6 13. Re1 Ba6 14. Bg5 Bxc4 15. Qxc4 Re8 16. a4 Qd6 17. Qb3 Nd7 18. Bh4 e6 19. Bg3 Qd5 20. c4 Qa5 21. Ne5 Bxe5 22. dxe5 Qc5 23. Bf4 Qe7 24. Qe3 f5 25. exf6 Qxf6 26. Bg5 Qf5 27. Bh6 e5 28. h3 Nc5 29. a5 Nd3 30. g4 Qd7 31. Red1 e4 32. axb6 Rxa1 33. Rxa1 c5 34. Rb1 Qc6 35. Bf4 Nb4 36. b7 Qxb7 37. Qxc5 Qf7 38. Be3 Nd3 39. Qd5 Qxd5 40. cxd5 Rd8 41. Rb5 h5 42. gxh5 gxh5 43. Kf1 Kf7 44. Ke2 Ra8 45. Rb7+ Kg6 46. d6 Rd8 47. Rb6 Kf5 48. Rb5+ Ke6 49. Rxh5 Ra8 50. Rh6+ Kd7 51. Bd2 Ra2 52. Rf6 Ne5 53. Kd1 Nc4 54. Bc1 Nxd6 55. h4 Nc4 56. h5 Ne5 57. h6 Ra8 58. h7 Rh8 59. Bb2 1-0

[Event "HUN-ch (Women)"]
[Site "Budapest"]
[Date "2019.12.20"]
[Round "3.4"]
[White "Gara, Anita"]
[Black "Papp, Petra"]
[Result "0-1"]
[WhiteElo "2350"]
[BlackElo "2339"]
[PlyCount "100"]
[EventDate "2019.12.12"]
[EventType "k.o."]
[EventRounds "3"]
[EventCountry "HUN"]
[SourceTitle "EXT 2021"]
[Source "ChessBase"]
[SourceDate "2020.10.23"]
[SourceVersion "1"]
[SourceVersionDate "2020.10.23"]
[SourceQuality "1"]

1. e4 c5 2. Nf3 Nc6 3. Bb5 g6 4. Bxc6 dxc6 5. d3 Bg7 6. 0-0 e5 7. Be3 b6 8. h3 Ne7 9. Qd2 h6 10. Nc3 f5 11. exf5 gxf5 12. Qe2 Ng6 13. Nxe5 Bxe5 14. Bf4 0-0 15. Bxe5 f4 16. Qh5 Kh7 17. Ne4 Rf5 18. Nf6+ Qxf6 19. Bxf6 Rxh5 20. Rae1 Rf5 21. Bc3 Bd7 22. Re4 Rff8 23. h4 h5 24. Rfe1 Rae8 25. g3 Rxe4 26. Rxe4 fxg3 27. fxg3 Re8 28. Rxe8 Bxe8 29. Kf2 Kg8 30. Ke3 Kf7 31. a4 Ke6 32. b3 Kf5 33. Bg7 Bf7 34. Bh6 Kg4 35. Kf2 Bd5 36. Bg7 Bf3 37. a5 Bd1 38. axb6 axb6 39. Bf6 Nf8 40. Bd8 Nd7 41. c3 Bxb3 42. Bc7 Bd5 43. Bd6 c4 44. dxc4 Bxc4 45. Ke3 b5 46. Be7 Kxg3 47. Kd4 Bd5 48. Bg5 Nf8 49. Ke5 Ng6+ 50. Kd4 Nxh4 0-1

[Event "HUN-ch (Women)"]
[Site "Budapest"]
[Date "2019.12.20"]
[Round "3.6"]
[White "Gara, Anita"]
[Black "Papp, Petra"]
[Result "0-1"]
[WhiteElo "2350"]
[BlackElo "2339"]
[PlyCount "125"]
[EventDate "2019.12.12"]
[EventType "k.o."]
[EventRounds "3"]
[EventCountry "HUN"]
[SourceTitle "EXT 2021"]
[Source "ChessBase"]
[SourceDate "2020.10.23"]
[SourceVersion "1"]
[SourceVersionDate "2020.10.23"]
[SourceQuality "1"]

1. e4 e5 2. Nf3 Nc6 3. Nc3 Nf6 4. Bb5 Bd6 5. d3 h6 6. g4 a6 7. Bxc6 dxc6 8. h3 Be6 9. Be3 c5 10. Qe2 Qe7 11. 0-0-0 0-0-0 12. g5 hxg5 13. Nxg5 Kb8 14. Rdg1 Bc8 15. h4 g6 16. Nf3 Qe6 17. Rg5 Nh7 18. Rg3 Nf6 19. Ng5 Qe7 20. Rgg1 c6 21. f3 Bc7 22. Qf2 b6 23. Qf1 Nh5 24. Nh3 Nf4 25. Nxf4 exf4 26. Bf2 Be5 27. Ne2 Be6 28. Kb1 Qf6 29. Qc1 Rh7 30. Rd1 Rhh8 31. c3 Bc7 32. d4 Bc4 33. Rhe1 cxd4 34. Bxd4 Be5 35. Bxb6 Rd3 36. Ka1 Rxf3 37. Bc5 Rd8 38. Nd4 Bxd4 39. cxd4 Bd3 40. Qc3 Bxe4 41. Qb4+ Kc8 42. Rxe4 Qf5 43. Ree1 Qd7 44. a3 Rf2 45. Bb6 Rh8 46. Rc1 f3 47. Qa4 Kb7 48. Bc5 Re2 49. Rf1 f2 50. Qb4+ Kc8 51. Bb6 Rhe8 52. Ba5 Qe6 53. Qb6 Re1 54. Qxc6+ Qxc6 55. Bxe1 Rxe1 56. Rfxe1 fxe1Q 57. Rxe1 Qd5 58. Rd1 Qe4 59. Ka2 Qxh4 60. d5 Qc4+ 61. Kb1 Kd7 62. d6 f5 63. Re1 0-1

[Event "HUN-ch (Women)"]
[Site "Budapest"]
[Date "2019.12.17"]
[Round "2.2"]
[White "Gara, Ticia"]
[Black "Gara, Anita"]
[Result "1/2-1/2"]
[WhiteElo "2339"]
[BlackElo "2350"]
[PlyCount "47"]
[EventDate "2019.12.12"]
[EventType "k.o."]
[EventRounds "3"]
[EventCountry "HUN"]
[SourceTitle "CBM 193 Extra"]
[Source "ChessBase"]
[SourceDate "2020.01.31"]
[SourceVersion "1"]
[SourceVersionDate "2020.01.31"]
[SourceQuality "1"]

1. e4 c5 2. Nf3 e6 3. c3 d5 4. exd5 Qxd5 5. d4 Nf6 6. Be2 Nc6 7. 0-0 cxd4 8. cxd4 Be7 9. Nc3 Qd6 10. Nb5 Qd8 11. Bf4 Nd5 12. Bg3 0-0 13. Bc4 a6 14. Bxd5 exd5 15. Nc7 Ra7 16. Qb3 b5 17. Qxd5 Qxd5 18. Nxd5 Rd8 19. Nxe7+ Rxe7 20. Rac1 Bb7 21. Rfd1 Red7 22. Ne5 Rxd4 23. Rxd4 Nxd4 24. Kf1 1/2-1/2

[Event "HUN-ch (Women)"]
[Site "Budapest"]
[Date "2019.12.17"]
[Round "2.3"]
[White "Gara, Ticia"]
[Black "Gara, Anita"]
[Result "1-0"]
[WhiteElo "2339"]
[BlackElo "2350"]
[PlyCount "91"]
[EventDate "2019.12.12"]
[EventType "k.o."]
[EventRounds "3"]
[EventCountry "HUN"]
[SourceTitle "CBM 193 Extra"]
[Source "ChessBase"]
[SourceDate "2020.01.31"]
[SourceVersion "1"]
[SourceVersionDate "2020.01.31"]
[SourceQuality "1"]

1. Nf3 Nf6 2. c4 d6 3. g3 g6 4. b3 Bg7 5. Bb2 0-0 6. Bg2 e5 7. 0-0 c6 8. h3 a5 9. Nc3 Na6 10. d4 e4 11. Nd2 d5 12. cxd5 cxd5 13. Rc1 Re8 14. Na4 e3 15. fxe3 Rxe3 16. Rf3 Bh6 17. Rc3 Rxc3 18. Nxc3 Bf5 19. g4 Be4 20. Ncxe4 dxe4 21. Rxf6 Qxf6 22. Nxe4 Qb6 23. Kh1 Bg7 24. g5 Rd8 25. e3 Nb4 26. Qf3 Nd5 27. Ba3 Qc7 28. Nd6 Nb4 29. Nxb7 Re8 30. Nc5 Nc2 31. Bc1 Nxd4 32. exd4 Bxd4 33. Nd3 Qc2 34. Bf4 Qb1+ 35. Qf1 Qxa2 36. Bd5 Qe2 37. Qxe2 Rxe2 38. Bc7 Bc3 39. Bc4 Kg7 40. Kg1 f6 41. gxf6+ Kxf6 42. Nf4 Re1+ 43. Kf2 Rc1 44. Nd5+ Kg5 45. Bf4+ Kf5 46. Bxc1 1-0

[Event "EU-chT (Women) 22nd"]
[Site "Batumi"]
[Date "2019.11.01"]
[Round "8.2"]
[White "Janzelj, Lara"]
[Black "Gara, Anita"]
[Result "1-0"]
[WhiteElo "2159"]
[BlackElo "2366"]
[PlyCount "71"]
[EventDate "2019.10.24"]
[EventType "team-swiss"]
[EventRounds "9"]
[EventCountry "GEO"]
[SourceTitle "CBM 192 Extra"]
[Source "Chessbase"]
[SourceDate "2019.11.06"]
[SourceVersion "1"]
[SourceVersionDate "2019.11.06"]
[SourceQuality "1"]
[WhiteTeam "Slovenia (W)"]
[BlackTeam "Hungary (W)"]
[WhiteTeamCountry "SLO"]
[BlackTeamCountry "HUN"]

1. d4 d5 2. c4 dxc4 3. Nf3 a6 4. e3 Bg4 5. Bxc4 e6 6. 0-0 Nf6 7. b3 c5 8. Be2 Nc6 9. Bb2 Rc8 10. Nbd2 cxd4 11. Nxd4 Bxe2 12. Qxe2 Be7 13. Rfd1 Nxd4 14. Bxd4 0-0 15. Nc4 Qe8 16. Bxf6 gxf6 17. Rd4 Qb5 18. Qf3 Rfd8 19. Rg4+ Kh8 20. e4 Qd7 21. Rh4 Qd4 22. Re1 f5 23. Rh3 Bb4 24. Rf1 Rg8 25. exf5 Qg4 26. Qxg4 Rxg4 27. Ne5 Re4 28. Nxf7+ Kg7 29. Ng5 Re1 30. Nxe6+ Kf6 31. Rxe1 Bxe1 32. g4 Rc2 33. f4 Bf2+ 34. Kf1 Rxa2 35. Rxh7 b5 36. Ng5 1-0

[Event "EU-chT (Women) 22nd"]
[Site "Batumi"]
[Date "2019.10.26"]
[Round "3.4"]
[White "Gara, Anita"]
[Black "Zawadzka, Jolanta"]
[Result "1/2-1/2"]
[WhiteElo "2366"]
[BlackElo "2406"]
[PlyCount "97"]
[EventDate "2019.10.24"]
[EventType "team-swiss"]
[EventRounds "9"]
[EventCountry "GEO"]
[SourceTitle "CBM 192 Extra"]
[Source "Chessbase"]
[SourceDate "2019.11.06"]
[SourceVersion "1"]
[SourceVersionDate "2019.11.06"]
[SourceQuality "1"]
[WhiteTeam "Hungary (W)"]
[BlackTeam "Poland (W)"]
[WhiteTeamCountry "HUN"]
[BlackTeamCountry "POL"]

1. e4 e5 2. Nf3 Nf6 3. d4 Nxe4 4. Bd3 d5 5. Nxe5 Nd7 6. Nc3 Nxe5 7. dxe5 Nxc3 8. bxc3 Bc5 9. 0-0 Be6 10. Rb1 Bb6 11. Qf3 Qe7 12. Be3 h6 13. a4 0-0 14. Rfe1 f5 15. exf6 Qxf6 16. Qg3 Rae8 17. a5 Bxe3 18. Rxe3 b6 19. Rbe1 Bd7 20. Rxe8 Bxe8 21. a6 c5 22. Re5 Bf7 23. Qe3 Qc6 24. h3 c4 25. Bf5 Qb5 26. Re7 Re8 27. Kh2 Kf8 28. Rxe8+ Qxe8 29. Qf4 g5 30. Qd4 Qb8+ 31. g3 Qd6 32. Bg4 Ke7 33. Bf3 Qf6 34. Qe3+ Kd6 35. Bg2 Kc6 36. Qd2 Qf5 37. Qe2 Kb5 38. Qe7 Kxa6 39. Qa3+ Kb7 40. Qe7+ Kb8 41. Qd6+ Kb7 42. Qe7+ Kc6 43. Qxa7 Qxf2 44. Qa8+ Kc7 45. Qf8 h5 46. Qe7+ Kc8 47. Qxg5 Qxc2 48. Qf6 Be8 49. Qe6+ 1/2-1/2